00779nam a2200205 a 4500008004100000020001500041050002100056100003800077245004400115260005300159300001800212350000900230500001800239650001700257650001200274650002400286995011000310999001700420952013600437120416s1990 ||||||||||||||||| || u a0198542763 aQH 541.5.R27 Whi aWhitmore, T. C. (Timothy Charles)13aAn introductionto tropical rain forests aOxfordbClarendon Oxford University Pressc1990. a226 p. : ill. a0.00 aBibliography. aRAIN FORESTS aECOLOGY aRAIN FOREST ECOLOGY D0.00FCBU-MAIN LIBRARY (Kitwe)H1I19.95M1UAVAILABLEWMay 24, 2006ZMain Library Open Access Collection c48095d48095 00102lcc4070a001b001cMain Library Open Access Collectiond2022-11-30l0oQH 541.5.R27 Whip46406r2022-11-30w2022-11-30y002